[Event "Titled Tuesday intern op 12th Mar Early"]
[Site "Chess.com INT"]
[Date "2024.03.12"]
[Round "8"]
[White "Kuziev, Miraziz"]
[Black "Kramnik, Vladimir"]
[Result "1/2-1/2"]
[WhiteElo "2218"]
[BlackElo "2753"]
[PlyCount "97"]
[EventDate "2024.03.12"]
[EventType "swiss (blitz)"]
[EventRounds "11"]
[EventCountry "USA"]
[SourceTitle "CB12_2024"]
[SourceDate "2023.10.01"]
[SourceVersion "1"]
[SourceVersionDate "2023.10.01"]
[SourceQuality "1"]

1. d4 Nf6 2. c4 e6 3. Nc3 d5 4. cxd5 exd5 5. Bg5 c6 6. e3 h6 7. Bh4 Be7 8. Bd3 0-0 9. Nge2 Ne8 10. Bg3 Nd6 11. Qc2 a5 12. 0-0 Re8 13. f3 Na6 14. a3 b5 15. e4 Nc4 16. Bf2 Nc7 17. e5 Rb8 18. f4 b4 19. axb4 axb4 20. Nd1 b3 21. Qc1 Ba6 22. Ne3 Nxe3 23. Qxe3 Bc4 24. Rfc1 Ra8 25. Rxa8 Qxa8 26. Bxc4 dxc4 27. Rxc4 Rb8 28. Qc1 Nd5 29. Be1 Qa6 30. Ng3 Rc8 31. Ne4 Qb5 32. f5 Ne3 33. Qxe3 Qxc4 34. f6 Bf8 35. fxg7 Kxg7 36. Qg3+ Kh8 37. Bc3 Qe2 38. Nd6 Bxd6 39. exd6 Qd1+ 40. Kf2 Qc2+ 41. Kg1 Qd1+ 42. Kf2 Qc2+ 43. Kg1 Rg8 44. d5+ Kh7 45. Qf3 Qc1+ 46. Kf2 Qc2+ 47. Kg1 Qc1+ 48. Kf2 Qc2+ 49. Kg1 1/2-1/2

[Event "Titled Tuesday intern op 06th Feb Late"]
[Site "Chess.com INT"]
[Date "2024.02.06"]
[Round "5"]
[White "Golubev, Mikhail"]
[Black "Kramnik, Vladimir"]
[Result "0-1"]
[WhiteElo "2461"]
[BlackElo "2753"]
[PlyCount "96"]
[EventDate "2024.02.06"]
[EventType "swiss (blitz)"]
[EventRounds "11"]
[EventCountry "USA"]
[SourceTitle "CB07_2024"]
[SourceDate "2024.02.14"]
[SourceVersion "1"]
[SourceVersionDate "2024.02.14"]
[SourceQuality "1"]

1. e4 c5 2. Nf3 e6 3. d4 cxd4 4. Nxd4 Nf6 5. Nc3 Nc6 6. a3 Be7 7. Nxc6 bxc6 8. e5 Nd5 9. Qg4 0-0 10. Bh6 g6 11. Qd4 Qa5 12. Bd2 Qb6 13. Qxb6 axb6 14. Nxd5 exd5 15. Bd3 f6 16. Bc3 fxe5 17. Bxe5 Re8 18. 0-0 Bf8 19. Rfe1 b5 20. Bc3 Bb7 21. Rxe8 Rxe8 22. Re1 Kf7 23. Rxe8 Kxe8 24. Kf1 d6 25. h4 Bc8 26. b3 Be7 27. h5 Kf7 28. hxg6+ hxg6 29. a4 bxa4 30. bxa4 c5 31. a5 d4 32. Bd2 d5 33. Bb5 c4 34. a6 Bc5 35. Bc6 Ke6 36. Bb4 Ba7 37. Be8 g5 38. Bb5 g4 39. g3 Kf5 40. Ke2 Ke4 41. Be8 d3+ 42. cxd3+ cxd3+ 43. Kd2 Bf5 44. Bc6 Bxf2 45. Bd6 Be3+ 46. Kd1 Bc8 47. Bb7 Bd7 48. Bf4 Ba4+ 0-1

[Event "Titled Tuesday intern op 06th Feb Late"]
[Site "Chess.com INT"]
[Date "2024.02.06"]
[Round "8"]
[White "Hong, Andrew Z"]
[Black "Kramnik, Vladimir"]
[Result "1-0"]
[WhiteElo "2542"]
[BlackElo "2753"]
[PlyCount "135"]
[EventDate "2024.02.06"]
[EventType "swiss (blitz)"]
[EventRounds "11"]
[EventCountry "USA"]
[SourceTitle "CB07_2024"]
[SourceDate "2024.02.14"]
[SourceVersion "1"]
[SourceVersionDate "2024.02.14"]
[SourceQuality "1"]

1. d4 Nf6 2. Nc3 d5 3. Bf4 c5 4. e3 cxd4 5. exd4 Bd7 6. Nf3 e6 7. Nb5 Bxb5 8. Bxb5+ Nc6 9. c3 Bd6 10. Bg5 0-0 11. 0-0 Qc7 12. Bd3 Ne4 13. Bc1 f5 14. g3 Rae8 15. Nh4 Qf7 16. Ng2 Kh8 17. f3 Nf6 18. Bf4 Bxf4 19. Nxf4 g5 20. Ng2 f4 21. Qd2 Nh5 22. g4 Nf6 23. h4 h6 24. Rae1 Kg7 25. Kf2 e5 26. dxe5 Nxe5 27. Bf5 Qc7 28. Kg1 Qb6+ 29. Kh2 Nc4 30. Qd4 Qxd4 31. cxd4 Nxb2 32. Rb1 Re2 33. Rfc1 Rf7 34. Kg1 Rfe7 35. Re1 b6 36. Rxb2 Rxe1+ 37. Nxe1 Rxe1+ 38. Kf2 Rc1 39. Re2 gxh4 40. Kg2 Kf7 41. Kh3 Rh1+ 42. Kg2 Rd1 43. Rc2 Rxd4 44. Rc7+ Kf8 45. Rxa7 Rd2+ 46. Kh3 Rf2 47. Be6 Rxf3+ 48. Kxh4 Ne4 49. Bxd5 Re3 50. Rf7+ Ke8 51. Rxf4 Ng5 52. Kh5 Rh3+ 53. Kg6 Ke7 54. Rb4 Kd6 55. Bb3 Kc5 56. Rf4 Rh2 57. Rf5+ Kb4 58. Rf6 Ka5 59. Kg7 Ne4 60. Rxh6 Rg2 61. Rg6 Nc5 62. Bd5 Rd2 63. Rg5 Kb4 64. Rf5 b5 65. g5 Rd3 66. g6 Ka3 67. Kf7 Rg3 68. g7 1-0

[Event "Chessable Masters Play In"]
[Site "Chess.com INT"]
[Date "2024.01.31"]
[Round "1"]
[White "Nasuta, Grzegorz"]
[Black "Kramnik, Vladimir"]
[Result "0-1"]
[WhiteElo "2563"]
[BlackElo "2753"]
[PlyCount "78"]
[EventDate "2024.01.31"]
[EventType "swiss (rapid)"]
[EventRounds "9"]
[EventCountry "USA"]
[SourceTitle "CB06_2024"]
[SourceDate "2024.02.07"]
[SourceVersion "1"]
[SourceVersionDate "2024.02.07"]
[SourceQuality "1"]

1. e4 c5 2. Nf3 e6 3. d4 cxd4 4. Nxd4 Nf6 5. Nc3 Nc6 6. Nxc6 bxc6 7. e5 Nd5 8. Ne4 Bb7 9. Be2 c5 10. 0-0 Qc7 11. Nd6+ Bxd6 12. exd6 Qc6 13. f3 Qb6 14. c4 Nb4 15. Be3 a5 16. Qa4 Qxd6 17. Qb5 Qe5 18. Qxc5 Qxb2 19. Rfe1 Nc2 20. Rab1 Qc3 21. Bg5 f6 22. Red1 Bc6 23. Bf4 Qa3 24. Qxa3 Nxa3 25. Rb2 Ba4 26. Rdd2 e5 27. Be3 Rc8 28. Bc5 Rxc5 29. Rb8+ Kf7 30. Rxh8 Nxc4 31. Bxc4+ Rxc4 32. Ra8 Rc5 33. Ra7 Bc6 34. Kf2 g5 35. Ke3 h5 36. Kd3 Ke6 37. Rc2 e4+ 38. Kd2 e3+ 39. Kc1 e2 0-1